Postavenie hawaly v súčasnom globálnom finančnom systéme a otázniky nad jej etickým rozmerom

Hawala ako staroveký finančný systém, hlboko zakorenený v islamských morálnych tradíciách. Prehľad praktík tohto systému a hlavné črty transakcií a ich prepojenie na obchodné aktivity. Dôvera a dobrá povesť, ako základný kameň tohto systému. Praktické využitie hawaly.

Salvato in:
Dettagli Bibliografici
Autore principale: Čech, Ľubomír, 1955-
Natura: Capitolo di libro
Lingua:slovacco
Soggetti:
Tags: Aggiungi Tag
Nessun Tag, puoi essere il primo ad aggiungerne!!

MARC

LEADER 00000naa$a2200000$$$4500
001 0271531
005 20240502074258.3
041 0 |a slo 
044 |a SK 
245 1 0 |a Postavenie hawaly v súčasnom globálnom finančnom systéme a otázniky nad jej etickým rozmerom  |c Ľubomír Čech 
520 |a Hawala ako staroveký finančný systém, hlboko zakorenený v islamských morálnych tradíciách. Prehľad praktík tohto systému a hlavné črty transakcií a ich prepojenie na obchodné aktivity. Dôvera a dobrá povesť, ako základný kameň tohto systému. Praktické využitie hawaly. 
610 2 0 |a systém 
610 2 0 |a financie 
610 2 0 |a islam 
610 2 0 |a banky 
100 1 |a Čech, Ľubomír, 1955-